LEADER 00858nam a2200229 i 4500 001 000000178304 003 CaOOAMICUS 005 20090316000000.0 008 090316s1964 fr u000 u fre u 013 $a155873 040 $aSeMil$bita 100 1 $aCognet, Louis,$d<1917-1970>.$0(OLS)http://semarc/name/11760 245 13$aLe Jansénisme /$cpar Louis Cognet. 260 $aParis :$bPUF,$c1964. 300 $a126 p. ;$c18 cm. 490 0 $aQue sais-je? : collection encyclopédique ;$v960 650 4$aGiansenismo.$0(OLS)http://semarc/subject/2623 830 0$aQue sais-je? ;$v960.$0(OLS)http://semarc/title/19846 850 $aSeMil 852 $aSeMil$W1$xVenegono$y1$m3A I 168$j129089$B129089$CSeMilBibl$Z2$F140231 $81 996 $6245$aLe Jansénisme$9(OLS)http://semarc/title/256077 996 $6260$aParis :$bPUF$9(OLS)http://semarc/publisher/30045 LEADER 01683nam a2200325 i 4500 001 000000012639 003 CaOOAMICUS 005 20220304143119.0 008 180830s1742 it u000 u ita u 040 $aSeMil$bita 100 0 $aAugustinus, Aurelius,$c.$0(OLS)http://semarc/name/498 240 10$aDe civitate Dei.$0(OLS)http://semarc/title/16828 245 10$aDella città di Dio di santo Aurelio Agostino. Tomo 1. [-2.]. 264 1$aIn Venezia :$bappresso Pietro Bassaglia, e Francesco Hertzhauser,$c1742. 300 $a2 v. ;$c4°. 500 $aVignetta xilogr. (Paesaggio. Ex intimo sui surgit) sui front. - Antiporte sottoscritte da J. B. Jackson. - Frontalini, finalini, iniziali xilogr. figurate 500 $aAltro front. in latino. - Testo originale a fronte 650 4$aAgostino, Aurelio . De civitate Dei.$0(OLS)http://semarc/subject/2094 700 1 $aJackson, John Baptist .$0(OLS)http://semarc/name/6022 700 1 $aHertzhauser, Francesco,$c.$0(OLS)http://semarc/name/6020 700 1 $aBassaglia, Pietro,$c.$0(OLS)http://semarc/name/6021 774 0 $tTomo primo che comprende gli undici primi libri.$g1$w()225811 774 0 $tTomo secondo che comprende gli altri undici libri.$g2$w()225812 900 1 $aAgostino : d'Ippona. 900 1 $aSant'Agostino. 996 $6245$aDella città di Dio di santo Aurelio Agostino. Tomo 1. [-2.]$9(OLS)http://semarc/title/16827 996 $6264$aIn Venezia :$bappresso Pietro Bassaglia, e Francesco Hertzhauser$9(OLS)http://semarc/publisher/60333